00580nam a2200181 a 4500008004100000020001500041050001700056100002400073245011100097260002800208300002000236350000900256500003900265650001300304650002400317650003400341650002300375060316s1978 ||||||||||||||||| || u a0582485924 aHC 79.D5 Con aHamilton, F. E. Ian10aContemporary industrialization : spatial analysis and regional development /cedited by F. E. Ian Hamilton aLondon:bLongmanc1978. ax, 203p. : ill. a0.00 aIncludes bibliographies and index. aINDUSTRY aINDUSTRIAL LOCATION aINDUSTRIALIZATION--CONGRESSES aREGIONAL ECONOMICS